000 nam a22 7a 4500
999 _c129030
_d129030
003 ARRUPE
005 20190215113257.0
008 190215b xxu||||| |||| 00| 0 eng d
010 _aPER
040 _cARRUPE
050 _aPER
245 _aJesuits and Friends
260 _aLondon
_bJesuits and Friends
_c2017
942 _2lcc
_cPERIODICAL
_s1